[Event "Titled Tuesday intern op 02nd May Early"]
[Site "Chess.com INT"]
[Date "2023.05.02"]
[Round "6"]
[White "Vaglio Munoz, Jaime"]
[Black "Al Hosani, Omran"]
[Result "0-1"]
[WhiteElo "2174"]
[BlackElo "2270"]
[PlyCount "112"]
[EventDate "2023.05.02"]
[EventType "swiss (blitz)"]
[EventRounds "11"]
[EventCountry "USA"]
[SourceTitle "EXT 2024"]
[Source "ChessBase"]
[SourceDate "2023.10.10"]
[SourceVersion "1"]
[SourceVersionDate "2023.10.10"]
[SourceQuality "1"]

1. Nf3 Nf6 2. b4 e5 3. a3 e4 4. Nd4 d5 5. e3 Bd6 6. c4 dxc4 7. Bxc4 0-0 8. h3 c6 9. Bb2 Nbd7 10. Nc3 Ne5 11. Be2 Re8 12. Rc1 a5 13. b5 c5 14. Nb3 b6 15. Na4 Bb7 16. Bc3 Bc7 17. Nb2 Nd3+ 18. Nxd3 exd3 19. Bf3 Be4 20. Bxe4 Nxe4 21. Qg4 f6 22. a4 Qd5 23. Na1 Nxc3 24. Rxc3 Be5 25. Qc4 Qxc4 26. Rxc4 Bxa1 27. 0-0 Be5 28. f4 Bc7 29. e4 Kf7 30. Rf3 Rad8 31. Kf2 Re7 32. Ke3 Red7 33. g4 Rd4 34. Rc3 Rxa4 35. h4 Rdd4 36. e5 Re4+ 37. Kxd3 Rxf4 38. Re3 Bxe5 39. Rc1 Ra3+ 40. Ke2 Rxe3+ 41. dxe3 Rxg4 42. Rd1 Rb4 43. Rd7+ Kg6 44. h5+ Kh6 45. Kf3 Rxb5 46. Ke4 Rb4+ 47. Kf5 g6+ 48. hxg6 hxg6+ 49. Ke6 a4 50. Ra7 b5 51. Kf7 Rb3 52. Kg8 a3 53. e4 Kg5 54. Kf7 b4 55. Ke6 Rb2 56. Kd5 a2 0-1

[Event "Titled Tuesday intern op 25th Apr Early"]
[Site "Chess.com INT"]
[Date "2023.04.25"]
[Round "1"]
[White "Al Hosani, Omran"]
[Black "Harriott, Tyrell"]
[Result "1-0"]
[WhiteElo "2270"]
[BlackElo "1889"]
[PlyCount "93"]
[EventDate "2023.04.25"]
[EventType "swiss (blitz)"]
[EventRounds "11"]
[EventCountry "USA"]
[SourceTitle "EXT 2024"]
[Source "ChessBase"]
[SourceDate "2023.10.10"]
[SourceVersion "1"]
[SourceVersionDate "2023.10.10"]
[SourceQuality "1"]

1. d4 e6 2. c4 d5 3. Nc3 f5 4. Nf3 c6 5. g3 Bd6 6. Bg2 Nf6 7. 0-0 0-0 8. b3 Nbd7 9. Bb2 f4 10. Qc1 fxg3 11. hxg3 h6 12. Ba3 Bxa3 13. Qxa3 Ng4 14. Qd6 Qe8 15. Rfe1 Qh5 16. Qxe6+ Kh8 17. Qd6 Rf6 18. Qc7 Kh7 19. Rac1 Rf7 20. Qd6 Nf8 21. cxd5 cxd5 22. Qxd5 Bf5 23. e4 Ne6 24. exf5 Ng5 25. Nxg5+ hxg5 26. Ne4 Raf8 27. f3 Qh2+ 28. Kf1 Rxf5 29. Nxg5+ Rxg5 30. Qe4+ Kh6 31. Re2 Qxg3 32. Rc5 Qh2 33. Rxg5 Kxg5 34. Qxg4+ Kh6 35. Qh3+ Qxh3 36. Bxh3 Rxf3+ 37. Kg2 Rf6 38. d5 g6 39. Rd2 Rd6 40. Kf3 Kg5 41. Ke4 Kf6 42. Kd4 b6 43. Be6 g5 44. Rf2+ Kg6 45. Ke5 Rd8 46. d6 Kh5 47. d7 1-0